Property taxation and the economy after the Barker review (Record no. 66147)

000 -LEADER
fixed length control field 00370pab a2200145 454500
008 - FIXED-LENGTH DATA ELEMENTS--GENERAL INFORMATION
fixed length control field 180718b2005 xxu||||| |||| 00| 0 eng d
100 ## - MAIN ENTRY--PERSONAL NAME
Personal name Muellbauer, John
245 ## - TITLE STATEMENT
Title Property taxation and the economy after the Barker review
260 ## - PUBLICATION, DISTRIBUTION, ETC.
Date of publication, distribution, etc. 2005
300 ## - PHYSICAL DESCRIPTION
Extent p.99-117.
362 ## - DATES OF PUBLICATION AND/OR SEQUENTIAL DESIGNATION
Dates of publication and/or sequential designation Mar
650 ## - SUBJECT ADDED ENTRY--TOPICAL TERM
Topical term or geographic name entry element Right to property
773 ## - HOST ITEM ENTRY
Main entry heading Economic Journal
909 ## -
-- 66147
Holdings
Withdrawn status Lost status Damaged status Not for loan Permanent Location Current Location Date acquired Serial Enumeration / chronology Barcode Date last seen Price effective from Koha item type
        Indian Institute of Public Administration Indian Institute of Public Administration 2018-07-19 Volume no: 115, Issue no: 502 AR66599 2018-07-19 2018-07-19 Articles

Powered by Koha